Scientifiques par lettre - A - Statistiques

Statistiques générales
  • Ce quiz a été pris 218 fois
  • Le résultat moyen est 4 sur 9
Statistiques - réponses
Indice Réponse % Correct
A donné son nom à l'unité de mesure de l'intensité du courant André-Marie Ampère
93%
Eureka ! Archimède
85%
6,02 × 10²³ mol-1 Amedeo Avogadro
71%
Théorème de Pythagore généralisé Al-Kashi
31%
Français prix Nobel en 2022 pour ses travaux en mécanique quantique Alain Aspect
23%
A donné son nom à une transformation sur les séries Abel
20%
Chimiste Suédois à l'origine d'une loi qui lie la vitesse d'une transformation chimique et la température Svante August Arrhenius
20%
Il a trouvé une règle qui permet d'établir la convergence absolue d'une série Jean Le Rond d'Alembert
11%
Corécipiendaire du prix Nobel de physique de 1936 pour la mise en évidence du positron prédit par Paul Dirac Carl David Anderson
5%
Aucun quiz correspondant
Distribution des résultats
% des personnes avec chaque résultat
Percentile par nombre de réponses
Votre historique - résultats
Vous n’avez pas pris ce quiz